Saudi Arabian Football Teams Quiz - Statistics

General Stats
  • This quiz has been taken 12 times
  • The average score is 10 of 17
Answer Stats
Picture Answer % Correct
Hilal
92%
Batin
83%
Jabalin
83%
Jeddah
83%
Jeel
83%
Neom
83%
Okhdood
83%
Shoulla
83%
Gottah
75%
Najran
67%
Thuqbah
67%
Hareq
58%
Watani
50%
Jubail
25%
Kholood
25%
Ain Saudi
0%
Arabi Saudi
0%
No matching quizzes found
Score Distribution
Percent of People with Each Score
Percentile by Number Answered
Your Score History
You have not taken this quiz